Ecoisrael. Maa'yan, Parques y reservas naturales de Israel

Αποθηκεύτηκε σε:
Λεπτομέρειες βιβλιογραφικής εγγραφής
Κύριος συγγραφέας: Isod, Liliana (Συγγραφέας)
Συγγραφή απο Οργανισμό/Αρχή: Centro de información y documentación de Israel para América Latina (Συγγραφέας)
Μορφή: Βιβλίο
Γλώσσα:Ισπανικά
Έκδοση: Buenos Aires BasevichCrea 2011
Θέματα:
Ετικέτες: Προσθήκη ετικέτας
Δεν υπάρχουν, Καταχωρήστε ετικέτα πρώτοι!

MARC

LEADER 00000nam a2200000 a 4500
001 UCG5794
003 CL-VaPUC
008 110317e20110000ag |||||||||||||||||spa|d
082 0 4 |a 363  |b ISO  |2 21 
100 0 |a Isod, Liliana  |e author  |9 555654 
110 2 |a Centro de información y documentación de Israel para América Latina  |e author  |9 555655 
245 1 0 |a Ecoisrael. Maa'yan, Parques y reservas naturales de Israel 
300 |a 134 p 
942 |c BK 
945 |d 20110317 00:00:00  |a jcampos 
260 |a Buenos Aires  |b BasevichCrea  |c 2011 
650 0 |a Protección del medio ambiente  |9 257626 
650 7 |a PARQUES  |2 CL-VaPUC  |9 555656 
650 7 |a RESERVAS NATURALES  |2 CL-VaPUC  |9 350715 
651 0 |a Israel  |9 314378 
583 |a last modification  |c 20171004 05:42:59  |k Rodrigo Vera 
999 |c 344170  |d 344168 
952 |0 0  |1 0  |4 0  |6 363_000000000000000_ISO_2011  |7 0  |8 C  |9 441996  |a BIBCUR  |b BIBCUR  |d 2019-11-22  |i 4757173  |o 363 ISO 2011  |p 4757173  |r 2025-04-22  |w 2019-11-22  |y BK  |k EXP